[Event "Titled Tuesday intern op 20th Jun Late"]
[Site "Chess.com INT"]
[Date "2023.06.20"]
[Round "5"]
[White "Tomiello, Lucas Costamilan"]
[Black "Seletsky, Grigory"]
[Result "1-0"]
[WhiteElo "2250"]
[BlackElo "2217"]
[PlyCount "71"]
[EventDate "2023.06.20"]
[EventType "swiss (blitz)"]
[EventRounds "11"]
[EventCountry "USA"]
[SourceTitle "EXT 2024"]
[Source "ChessBase"]
[SourceDate "2023.10.10"]
[SourceVersion "1"]
[SourceVersionDate "2023.10.10"]
[SourceQuality "1"]

1. e4 c5 2. Nf3 d6 3. d4 cxd4 4. Nxd4 Nf6 5. Nc3 a6 6. Bc4 e6 7. Bb3 Qc7 8. Be3 Nc6 9. Qe2 Be7 10. 0-0-0 0-0 11. f3 b5 12. g4 Nxd4 13. Bxd4 Bb7 14. a3 Rac8 15. Kb1 Rfd8 16. f4 d5 17. e5 Ne4 18. Nxe4 dxe4 19. f5 Bd5 20. Bxd5 Rxd5 21. Qxe4 Rcd8 22. Rd3 Qc4 23. Rhd1 g6 24. f6 Bf8 25. b3 Qc6 26. Bb2 Rxd3 27. Qxc6 Rxd1+ 28. Ka2 R1d2 29. a4 b4 30. a5 Rg2 31. Bc1 Rxg4 32. Qxa6 Rg2 33. Kb1 h5 34. Qf1 Rxh2 35. a6 Rc8 36. Qd1 1-0

[Event "Titled Tuesday intern op 16th May Late"]
[Site "Chess.com INT"]
[Date "2023.05.16"]
[Round "3"]
[White "Gasparyan, Davit"]
[Black "Tomiello, Lucas Costamilan"]
[Result "0-1"]
[WhiteElo "2142"]
[BlackElo "2288"]
[PlyCount "130"]
[EventDate "2023.05.16"]
[EventType "swiss (blitz)"]
[EventRounds "11"]
[EventCountry "USA"]
[SourceTitle "CBM 214 Extra"]
[Source "ChessBase"]
[SourceDate "2023.07.31"]
[SourceVersion "1"]
[SourceVersionDate "2023.07.31"]
[SourceQuality "1"]

1. Nf3 Nf6 2. g3 g6 3. Bg2 Bg7 4. 0-0 0-0 5. d3 d5 6. c3 c5 7. Nbd2 Nc6 8. Qc2 e5 9. e4 h6 10. Re1 dxe4 11. Nxe4 Nxe4 12. dxe4 Be6 13. Be3 c4 14. Bc5 Re8 15. Rad1 Qc8 16. Rd2 b5 17. Red1 a5 18. a3 Rb8 19. Bd6 Rb7 20. Ne1 b4 21. cxb4 axb4 22. axb4 Nxb4 23. Qa4 Nc6 24. f4 exf4 25. e5 Bd7 26. gxf4 Nxe5 27. Bxb7 Qxb7 28. Qa3 Ng4 29. Bc5 Bf5 30. Qg3 Qc6 31. Bd4 Bxd4+ 32. Rxd4 Qc5 33. Kh1 Be4+ 34. Ng2 Bxg2+ 35. Qxg2 Ne3 36. Qd2 Nxd1 37. Qxd1 Qc6+ 38. Kg1 Qc5 39. Kh1 Kg7 40. Qd2 h5 41. Qc3 Kh7 42. Qxc4 Re1+ 43. Kg2 Qe7 44. Rd2 h4 45. h3 Re3 46. Rf2 Rg3+ 47. Kh2 Qd7 48. f5 g5 49. Qe4 f6 50. Qe6 Qxe6 51. fxe6 Kg7 52. e7 Re3 53. Re2 Rxe2+ 54. Kg1 Rxe7 55. b4 Rb7 56. b5 Kf7 57. Kg2 f5 58. Kf3 Kf6 59. b6 Rxb6 60. Kg2 Ke5 61. Kh1 Rb3 62. Kg2 Kf4 63. Kh2 Kf3 64. Kg1 Rb2 65. Kf1 Rb1# 0-1

[Event "Rio de Janeiro op 2nd"]
[Site "Rio de Janeiro"]
[Date "2023.05.02"]
[Round "1"]
[White "Pereira, Pedro Nunes"]
[Black "Tomiello, Lucas Costamilan"]
[Result "0-1"]
[WhiteElo "1741"]
[BlackElo "2288"]
[PlyCount "74"]
[EventDate "2023.05.02"]
[EventType "swiss"]
[EventRounds "9"]
[EventCountry "BRA"]
[SourceTitle "CBM 214 Extra"]
[Source "ChessBase"]
[SourceDate "2023.07.31"]
[SourceVersion "1"]
[SourceVersionDate "2023.07.31"]
[SourceQuality "1"]

1. d4 Nf6 2. Nf3 e6 3. Bf4 d5 4. e3 c5 5. c3 Bd6 6. Bxd6 Qxd6 7. Be2 Nc6 8. 0-0 0-0 9. Nbd2 e5 10. dxe5 Nxe5 11. Nxe5 Qxe5 12. Nf3 Qe7 13. Qc2 Rd8 14. h3 Be6 15. Rfe1 Rac8 16. Qa4 b6 17. Bd3 h6 18. Qh4 Qf8 19. Qf4 a5 20. a4 Qe7 21. Qh4 Kf8 22. Bb5 Bf5 23. Rac1 Rd6 24. Red1 Rcd8 25. Bd3 Be4 26. Be2 Qd7 27. Bb5 Qe6 28. Be2 Bf5 29. Bb5 Ne4 30. Qf4 g5 31. Qe5 f6 32. Qxe6 Bxe6 33. Nd2 Ke7 34. Nb3 d4 35. exd4 Bxb3 36. Re1 Re6 37. dxc5 Nxc5 0-1

[Event "Hebraica Milton Matone"]
[Site "Hebraica"]
[Date "2023.04.21"]
[Round "6"]
[White "Diamant, Andre"]
[Black "Tomiello, Lucas Costamilan"]
[Result "0-1"]
[WhiteElo "2516"]
[BlackElo "2237"]
[PlyCount "152"]
[EventDate "2023.04.18"]
[EventType "tourn"]
[EventRounds "9"]
[EventCountry "BRA"]
[EventCategory "7"]
[SourceTitle "EXT 2024"]
[Source "ChessBase"]
[SourceDate "2023.10.10"]
[SourceVersion "1"]
[SourceVersionDate "2023.10.10"]
[SourceQuality "1"]

1. c4 e5 2. Nc3 Nf6 3. Nf3 Nc6 4. d3 Bb4 5. Bd2 Qe7 6. g3 0-0 7. Bg2 d6 8. 0-0 a5 9. Rc1 h6 10. Nd5 Nxd5 11. cxd5 Nb8 12. Be3 Na6 13. d4 exd4 14. Nxd4 Bd7 15. Nb3 a4 16. Nd4 Bc5 17. Qd2 Rfe8 18. Rfd1 Qf6 19. Rc4 Re7 20. b4 axb3 21. axb3 Rae8 22. b4 Bb6 23. Bf3 Bh3 24. Nc2 Bxe3 25. Nxe3 Qg5 26. Nc2 Qf6 27. Nd4 Bd7 28. Rdc1 Re5 29. h4 h5 30. Qf4 Qg6 31. e3 Bg4 32. Bg2 Bd7 33. Kh2 f6 34. Qf3 Bg4 35. Qf4 Re4 36. Bxe4 Rxe4 37. Nc6 Rxf4 38. Ne7+ Kh7 39. Nxg6 Rxc4 40. Rxc4 Kxg6 41. Kg2 Be2 42. Re4 Kf7 43. f3 b5 44. Rd4 Bc4 45. e4 Nxb4 46. Kf2 f5 47. Rd2 fxe4 48. fxe4 Ke7 49. Ke3 c5 50. dxc6 Nxc6 51. Rc2 Kf6 52. Rf2+ Ke6 53. Rc2 Ke5 54. Rf2 g6 55. Rf8 b4 56. Rc8 Bb5 57. Rg8 Kf6 58. Rf8+ Ke7 59. Rg8 b3 60. Rg7+ Kf6 61. Rb7 Ba4 62. Kf4 Ne5 63. Ke3 Nc6 64. Kf4 Nd4 65. Rb4 Ne6+ 66. Ke3 Nc5 67. Kd4 Ke6 68. e5 Bc6 69. Rb6 Kd7 70. Kc4 Kc7 71. Rb4 Bd7 72. Kd4 Be6 73. exd6+ Kc6 74. Ke5 Nd3+ 75. Kxe6 Nxb4 76. d7 Kc7 0-1

[Event "Hebraica Milton Matone"]
[Site "Hebraica"]
[Date "2023.04.19"]
[Round "2"]
[White "Gemy Vargas, Jose Daniel"]
[Black "Tomiello, Lucas Costamilan"]
[Result "1-0"]
[WhiteElo "2333"]
[BlackElo "2237"]
[PlyCount "95"]
[EventDate "2023.04.18"]
[EventType "tourn"]
[EventRounds "9"]
[EventCountry "BRA"]
[EventCategory "7"]
[SourceTitle "EXT 2024"]
[Source "ChessBase"]
[SourceDate "2023.10.10"]
[SourceVersion "1"]
[SourceVersionDate "2023.10.10"]
[SourceQuality "1"]

1. Nf3 Nf6 2. g3 d5 3. Bg2 c6 4. 0-0 Bg4 5. b3 e6 6. Bb2 Nbd7 7. d3 Bd6 8. Nbd2 Qe7 9. a3 0-0 10. h3 Bh5 11. e4 dxe4 12. dxe4 Be5 13. Qc1 Bxf3 14. Bxf3 Bxb2 15. Qxb2 e5 16. Nc4 Rfe8 17. Rad1 Nb6 18. Nd6 Red8 19. Nf5 Qe6 20. Qc1 g6 21. Qg5 Kh8 22. Nh6 Rxd1 23. Rxd1 Rf8 24. h4 Nc8 25. Ng4 Kg7 26. Nxf6 Qxf6 27. Qxf6+ Kxf6 28. Rd7 b6 29. Rc7 c5 30. Bg4 Nd6 31. Rxa7 Rb8 32. Bf3 Nb5 33. Ra6 Nc7 34. Ra4 Ke7 35. Rc4 Kd6 36. Rc3 b5 37. Rd3+ Kc6 38. Bg4 Ra8 39. a4 bxa4 40. Bd7+ Kb6 41. Rd6+ Ka5 42. Bxa4 Kb4 43. Rd7 Ra7 44. c4 h6 45. Rxf7 g5 46. hxg5 hxg5 47. f3 Kc3 48. Rd7 1-0

[Event "Hebraica Milton Matone"]
[Site "Hebraica"]
[Date "2023.04.19"]
[Round "3"]
[White "Tomiello, Lucas Costamilan"]
[Black "Rodi, Luis Ernesto"]
[Result "1/2-1/2"]
[WhiteElo "2237"]
[BlackElo "2291"]
[PlyCount "112"]
[EventDate "2023.04.18"]
[EventType "tourn"]
[EventRounds "9"]
[EventCountry "BRA"]
[EventCategory "7"]
[SourceTitle "EXT 2024"]
[Source "ChessBase"]
[SourceDate "2023.10.10"]
[SourceVersion "1"]
[SourceVersionDate "2023.10.10"]
[SourceQuality "1"]

1. e4 c6 2. d4 d5 3. Nc3 dxe4 4. Nxe4 Nd7 5. Nf3 Ngf6 6. Ng3 e6 7. Bd3 c5 8. 0-0 Be7 9. Qe2 0-0 10. Rd1 Qb6 11. c3 cxd4 12. Nxd4 Re8 13. Bc2 Nf8 14. a4 a6 15. Ne4 Bd7 16. Nxf6+ Bxf6 17. Be3 Qc7 18. a5 g6 19. Be4 Bg7 20. Qf3 Rab8 21. h4 f5 22. Bc2 e5 23. Qd5+ Kh8 24. Bb3 Ne6 25. Nf3 Bc6 26. Qd6 Qxd6 27. Rxd6 e4 28. Rxe6 exf3 29. Rxe8+ Rxe8 30. g3 Be5 31. Bb6 Bf6 32. Bc4 Kg7 33. Be3 Rd8 34. Kf1 Bd5 35. Bxd5 Rxd5 36. Ke1 Rb5 37. Ra2 Kf7 38. Kd2 Ke6 39. b4 Rd5+ 40. Kc2 Rd7 41. Ra1 Rc7 42. Bc5 f4 43. g4 Bxh4 44. Rh1 Bf6 45. Rh3 Be5 46. Rxf3 h5 47. gxh5 gxh5 48. Rh3 Rh7 49. Kd3 Kf5 50. f3 h4 51. Bf2 Bf6 52. c4 Rd7+ 53. Kc2 Re7 54. Kd3 Rd7+ 55. Kc2 Re7 56. Kd3 Rd7+ 1/2-1/2

[Event "Buenos Aires Torre Blanca Cup"]
[Site "Buenos Aires"]
[Date "2023.03.21"]
[Round "6"]
[White "Tomiello, Lucas Costamilan"]
[Black "Acosta, Pablo Ismael"]
[Result "0-1"]
[WhiteElo "2248"]
[BlackElo "2482"]
[PlyCount "96"]
[EventDate "2023.03.17"]
[EventType "tourn"]
[EventRounds "9"]
[EventCountry "ARG"]
[EventCategory "3"]
[SourceTitle "CBM 213 Extra"]
[Source "ChessBase"]
[SourceDate "2023.05.31"]
[SourceVersion "1"]
[SourceVersionDate "2023.05.31"]
[SourceQuality "1"]

1. e4 e6 2. d4 d5 3. Nd2 c5 4. exd5 exd5 5. Ngf3 Nc6 6. Bb5 Qe7+ 7. Be2 Nf6 8. 0-0 Qc7 9. c4 Be6 10. Qa4 Be7 11. dxc5 0-0 12. b4 a5 13. b5 Ne5 14. Bb2 Nxc4 15. Nxc4 dxc4 16. Nd4 Bd5 17. Bxc4 Bxc4 18. Qxc4 Qxc5 19. Qxc5 Bxc5 20. Nf5 Rfe8 21. Rac1 b6 22. Rfe1 Rxe1+ 23. Rxe1 Rd8 24. Bxf6 gxf6 25. g4 h5 26. gxh5 Rd2 27. Re8+ Kh7 28. Rc8 Rxa2 29. Rc7 a4 30. Rxf7+ Kh8 31. Rc7 a3 32. Rc8+ Kh7 33. Rc7+ Kg8 34. h6 Rxf2 35. Rc8+ Kh7 36. Rc7+ Kg6 37. h7 Rxf5+ 38. Rxc5 a2 39. Rc1 Rg5+ 40. Kf2 Rh5 41. Kg3 Rxh7 42. Ra1 Ra7 43. Kf4 Ra4+ 44. Ke3 Kf5 45. Kd3 Kg4 46. Kc3 f5 47. Kb3 Ra5 48. Kc4 f4 0-1

[Event "Buenos Aires Torre Blanca Cup"]
[Site "Buenos Aires"]
[Date "2023.03.17"]
[Round "1"]
[White "Oro, Faustino"]
[Black "Tomiello, Lucas Costamilan"]
[Result "0-1"]
[WhiteElo "2211"]
[BlackElo "2248"]
[PlyCount "124"]
[EventDate "2023.03.17"]
[EventType "tourn"]
[EventRounds "9"]
[EventCountry "ARG"]
[EventCategory "3"]
[SourceTitle "CBM 213 Extra"]
[Source "ChessBase"]
[SourceDate "2023.05.31"]
[SourceVersion "1"]
[SourceVersionDate "2023.05.31"]
[SourceQuality "1"]

1. e4 c5 2. Nf3 Nc6 3. d4 cxd4 4. Nxd4 Nf6 5. Nc3 e5 6. Ndb5 d6 7. Nd5 Nxd5 8. exd5 Nb8 9. c4 Be7 10. Bd3 0-0 11. 0-0 Nd7 12. Be3 a6 13. Nc3 f5 14. f3 Nc5 15. Bc2 a5 16. Qd2 Bd7 17. Rfe1 Qc7 18. Rac1 a4 19. Qf2 Qb6 20. Bb1 Rac8 21. Kh1 Qb4 22. Nd1 Qb6 23. Nc3 Qd8 24. Red1 Bg5 25. f4 exf4 26. Bxf4 Bxf4 27. Qxf4 Qf6 28. Re1 Rce8 29. a3 Re5 30. Bc2 Rfe8 31. Rf1 g6 32. Qd2 Qh4 33. Qf4 Qxf4 34. Rxf4 Re1+ 35. Rf1 Rxc1 36. Rxc1 Kg7 37. Kg1 Kf6 38. Kf2 g5 39. g3 h5 40. Ne2 b5 41. cxb5 Bxb5 42. Nc3 Bd7 43. Na2 Rc8 44. Re1 Rh8 45. Nb4 h4 46. Kg1 g4 47. Nc6 hxg3 48. hxg3 Rc8 49. Rf1 Re8 50. Kf2 Kg5 51. Rd1 Ne4+ 52. Kg2 Nf6 53. Kf1 Nh5 54. Kf2 f4 55. gxf4+ Nxf4 56. Nd4 Nh3+ 57. Kg2 Nf4+ 58. Kf2 Rf8 59. Kg1 g3 60. Ne6+ Bxe6 61. dxe6 Ne2+ 62. Kh1 Rf2 0-1

[Event "Florianopolis op 9th"]
[Site "Florianopolis"]
[Date "2023.01.24"]
[Round "2"]
[White "Silva, Janderson Rossi Da"]
[Black "Tomiello, Lucas Costamilan"]
[Result "0-1"]
[WhiteElo "1883"]
[BlackElo "2263"]
[PlyCount "62"]
[EventDate "2023.01.23"]
[EventType "swiss"]
[EventRounds "10"]
[EventCountry "BRA"]
[SourceTitle "CBM 212 Extra"]
[Source "ChessBase"]
[SourceDate "2023.03.31"]
[SourceVersion "1"]
[SourceVersionDate "2023.03.31"]
[SourceQuality "1"]

1. e4 c5 2. c3 d5 3. exd5 Qxd5 4. d4 Nf6 5. Nf3 cxd4 6. cxd4 g6 7. Nc3 Qd8 8. Bc4 Bg7 9. 0-0 0-0 10. h3 Nbd7 11. Bf4 Nb6 12. Bb3 Nbd5 13. Be5 b6 14. Nxd5 Nxd5 15. Bxg7 Kxg7 16. Qe2 Bb7 17. Rac1 e6 18. Qe5+ Kg8 19. Ng5 Qb8 20. Ne4 Qxe5 21. dxe5 Nf4 22. Nf6+ Kg7 23. Rc7 Bxg2 24. Rd1 Bf3 25. Rdd7 Nxh3+ 26. Kh2 Ng5 27. Rxa7 Rxa7 28. Rxa7 Ra8 29. Rd7 Ra5 30. Rd6 Rxe5 31. Nd7 Re4 0-1

[Event "Rio de Janeiro Duchamp op 4th"]
[Site "Rio de Janeiro"]
[Date "2022.12.12"]
[Round "7"]
[White "Rodi, Luis Ernesto"]
[Black "Tomiello, Lucas Costamilan"]
[Result "0-1"]
[WhiteElo "2303"]
[BlackElo "2209"]
[PlyCount "132"]
[EventDate "2022.12.07"]
[EventType "swiss"]
[EventRounds "9"]
[EventCountry "BRA"]
[SourceTitle "CBM 211 Extra"]
[Source "ChessBase"]
[SourceDate "2023.01.31"]
[SourceVersion "1"]
[SourceVersionDate "2023.01.31"]
[SourceQuality "1"]

1. e4 c5 2. Nf3 d6 3. d4 cxd4 4. Nxd4 Nf6 5. Nc3 a6 6. Nb3 Nbd7 7. Be3 b5 8. a4 b4 9. Nd5 Bb7 10. Nxf6+ Nxf6 11. f3 e6 12. Qd2 d5 13. Nc5 Bxc5 14. Bxc5 dxe4 15. Qxb4 Qc7 16. fxe4 Nxe4 17. Be3 Rc8 18. Bd3 Nf6 19. Qb6 Qxb6 20. Bxb6 Nd5 21. Bd4 Nf4 22. Kd2 0-0 23. Rhg1 Rfd8 24. Bc3 Be4 25. Ke3 Bxd3 26. Kxf4 Bxc2 27. Ke3 Rc4 28. a5 f5 29. Rac1 Ba4 30. g3 Kf7 31. Rge1 Rd5 32. Kf2 g5 33. Ra1 h5 34. Re3 h4 35. Rae1 Rd6 36. Re5 hxg3+ 37. hxg3 Bc6 38. R5e2 Be4 39. Kg1 Rd3 40. Re3 Rxe3 41. Rxe3 Kg6 42. Kf2 Kh5 43. Re1 Bd5 44. Rd1 Ra4 45. Rd4 Ra1 46. Be1 Rc1 47. Ke2 Be4 48. Rd6 Rc2+ 49. Rd2 Rc6 50. Rd8 Kg4 51. Ke3 Rc1 52. Ke2 e5 53. Rd6 Rc2+ 54. Rd2 Rxd2+ 55. Bxd2 Kxg3 56. Bxg5 Kg2 57. Ke3 Bc6 58. b4 Kg3 59. Bf6 f4+ 60. Kd2 e4 61. Be5 Bb5 62. Ke1 e3 63. Bd6 Kf3 64. Bc7 Ke4 65. Bd6 f3 66. Bg3 Kf5 0-1